000 00452nam a22001337a 4500
003 SGT
020 _a9788193470138
082 _a954
_bA18S
100 _aसूर्यप्रकाश, ए.
245 _aआपातकाल : भारतीय लोकतंत्र का एक काला अध्याय
260 _bमेघनिर्घोष मीडिया प्रा. लि.
_c2018
300 _a216
942 _2ddc
_cBK
999 _c29305
_d29305